000 01642cam a2200397 i 4500
003 SA-RiAUC
005 20240922130753.0
008 240919s1998 su b f b f000r0 ara c
020 _a996061719X
020 _a196179960
020 _a996061719
020 _z996061719X
040 _aSA-MaMIU
_bara
_cSA-RiAUC
_erda
043 _af-tz---
050 1 0 _bZ39 1998
082 0 4 _a967.81
_qSA-RiAUC
090 _a967.81
_bز ي ن
100 1 _aالزين، فاطمة السيد علي
_eمؤلف.
245 1 2 _aالتاريخ السياسي لسلطنة زنجبار الإسلامية 1248-1308 هـ / 1832-1890 م /
_cفاطمة السيد علي الزين.
250 _aالطبعة الأولى.
264 1 _aمكة المكرمة :
_bنادي مكة الثقافي الأدبي،
_c1998
300 _a242 صفحة :
_bخرائط ؛
_c24 سم.
336 _aنص
_btxt
_2rdacontent
_3كتاب
337 _aبدون وسيط
_bn
_2rdamedia
338 _aمجلد
_bnc
_2rdacarrier
490 0 _aمطبوعات نادي مكة الثقافي الأدبي ؛
_v104
500 _aالأصل أطروحة ماجستير في التاريخ الإسلامي الحديث-جامعة أم القرى، 1409 هـ.
500 _aيشتمل على ملاحق.
504 _aببليوجرافية : صفحة 231-242.
504 _aيشتمل على إرجاعات ببليوجرافية.
590 _aحمود.
651 7 _aزنجبار
_xسياسة وحكومة
_xتاريخ
_yقرن 19
_2aucsh
856 4 _uhttp://10.0.0.80/maisun3/29.pdf
942 _2ddc
_cBOOK
_n0
949 _aSA-JeALM
_d240919
_umohamedma123
_n1
999 _c464
_d464